Estatísticas para Español A1: Las Comidas (Espanhol- Português)

Clique aqui para jogar o quiz

Estatísticas Gerais

  • Esse quiz foi jogado 134 vezes
  • A pontuação média é 14 de 56

Estatísticas das Respostas

PortuguêsEspañol% Correto
pãopan
92%
queijoqueso
90%
frangopollo
76%
ovohuevo
63%
presuntojamón
63%
laranjanaranja
55%
maçãmanzana
54%
limãolimón
53%
uvauva
46%
cebolacebolla
45%
manteigamantequilla
45%
hamburguerhamburguesa
36%
abacaxipiña
36%
alhoajo
35%
linguiçachorizo
31%
alfacelechuga
30%
batatapapas
28%
melanciasandía
28%
milhomaíz
27%
cenourazanahoria
26%
carne de porcocarne de cerdo
23%
pêssegodurazno
21%
amendoimmaní
20%
feijãofrijoles
19%
lentilhalenteja
19%
acelgasacélga
17%
salsichasalchicha
16%
amêndoaalmendra
15%
aipoapio
15%
grão-de-bicogarbanzo
14%
goiabaguayaba
14%
beringelaberenjena
13%
abobrinhacalabacín
13%
espinafreespinacas
13%
pimentãopimiento
13%
coentrocilantro
11%
couve-florcoliflor
11%
ervilhaguisante
11%
cachorro quentepancho
11%
ameixaciruela
10%
mexericamandarina
10%
peito de frangopechuga
10%
aspargoespárrago
9%
mandiocayuca
9%
vagemjudía
8%
abóborazapallo
8%
damascoalbaricoque
7%
argiãoberro
7%
brócolisbrécol
7%
bacontocino
7%
fruta do conde/pinhachirimoya
6%
geleiamermelada
5%
biscoitogulletitos
3%
chouriçomorchilla
2%
mamãopapoya
2%
beterrabaremolacho
2%

Distribuição das Pontuações

Percentil de Números Respondidos

Porcentagem de Pessoas com Cada Pontuação

Sua Pontuação Histórica

Você não jogou esse quiz